LEADER 01086nam a2200241 u 4500 001 000000107634 003 CaOOAMICUS 005 20071015143610.0 008 071015s1969 be u000 u fre u 040 $aPUL$bita$dBc 100 1 $aCoste, René.$0(OLS)http://pul/name/11745 245 14$aUne morale pour un monde en mutation /$cRené Coste ; préface de Leopold Sédar Senghor. 260 $aGembloux :$bEditions J. Duculot S.A.,$cc1969. 300 $a216 p. ;$c19 cm. 490 1 $aRèponses chrétiennes 650 4$aMorale cristiana.$0(OLS)http://pul/subject/33527 700 0 $aLéopold Sédar Senghor,$cPrésident de la république du Sénégal.$0(OLS)http://pul/name/66057 830 0$aRéponses chrétiennes.$0(OLS)http://pul/title/62751 850 $aPUL 852 $aPUL$W1$xSL Religione 1$y3$m37 A 27$j122365$qStampati$B121343$CPULBib$Z2$F121343 $H38441 $82 941 1 $a8 996 $6245$aUne morale pour un monde en mutation$9(OLS)http://pul/title/135522 996 $6260$aGembloux :$bEditions J. Duculot S.A.$9(OLS)http://pul/publisher/53208 LEADER 01323nam a2200313 a 4500 001 000000122221 003 CaOOAMICUS 005 20100611121409.0 008 100611t2010 it f u000 u ita r 020 $a978-88-06-19035-4 040 $aPUL$bita$dReb 082 04$a945 245 00$aStoria d'Italia.$pAnnali.$n25,$pEsoterismo /$cA cura di Gian Mario Cazzaniga. 246 30$aAnnali.$n25,$pEsoterismo 246 30$aEsoterismo 260 $aTorino :$bGiulio Einaudi,$c©2010. 300 $axxx, 781 p., [8] c. di tav. :$bill. ;$c22 cm 504 $aBibliografia p. [719]-748. 650 4$aEsoterismo.$0(OLS)http://pul/subject/22418 700 1 $aCazzaniga, Gian Mario.$0(OLS)http://pul/name/34839 850 $aPUL 852 $aPUL$W1$xSL Cons. Gen., Altre Classi 3$y75$m945 EINAU 3.25$j140284$qDDC 21$B139457$CPULBib$Z2$F139457 $H113986 $82 941 1 $a9 996 $6020$a978-88-06-19035-4$9(OLS)http://pul/number/144549 996 $6082$a945$9(OLS)http://pul/classification/606 996 $6245$aStoria d'Italia.$pAnnali.$n25,$pEsoterismo$9(OLS)http://pul/title/153804 996 $6246$aEsoterismo$9(OLS)http://pul/title/153806 996 $6246$aAnnali.$n25,$pEsoterismo$9(OLS)http://pul/title/153805 996 $6260$aTorino :$bGiulio Einaudi$9(OLS)http://pul/publisher/54573